Kitab-U-Kashil Zunun (Record no. 5546)

MARC details
000 -LEADER
fixed length control field 00570nam a2200229 a 4500
020 ## - INTERNATIONAL STANDARD BOOK NUMBER
ISBN
082 00 - DEWEY DECIMAL CLASSIFICATION NUMBER
Classification number 027
Author Cutter ABD
245 ## - TITLE STATEMENT
Title Kitab-U-Kashil Zunun
260 ## - PUBLICATION, DISTRIBUTION, ETC. (IMPRINT)
Place of publication Surat
Name of publisher Abdus Sama and Sons
Year of publication 1950
300 ## - PHYSICAL DESCRIPTION
Number of Pages 45p
500 ## - GENERAL NOTE
General note includes index and biblioraphy
505 2# - FORMATTED CONTENTS NOTE
Formatted contents note Index, Glossary, Biblio.,
650 ## - SUBJECT ADDED ENTRY--TOPICAL TERM
Topical Term Manuscripts-Library-Catalogue
942 ## - ADDED ENTRY ELEMENTS (KOHA)
Koha item type Books
Holdings
Home library Current library Date acquired Cost, normal purchase price Full call number Accession Number Koha item type
Henry Martyn Institute Library Henry Martyn Institute Library 03/15/2007 100.00 027 ABD 6712 Archive Book
                   Copyright © 2026 | Henry Martyn Institute | Hyderabad | TS-500052 | INDIA | Implemented by hmi.edu.in
Hit-Count:

Powered by Koha